000 00714nam a2200265Ia 4500
005 20260121170523.0
008 008 260114s9999 xx 000 0 eng d
020 _a9783319768854
037 _aEBOOK
040 _aCRL
040 _beng
040 _cCRL
041 _2eng
041 _aeng
084 _qCRL
100 _aWalter Leal Filho, Fernanda Frankenberger, Patricia Iglecias, Roberta Consentino Kronka Mülfarth
_91064893
245 0 _aTowards Green Campus Operations
260 _bSpringer
260 _bSpringer
260 _c2018
856 _uhttps://link.springer.com/openurl?genre=book&isbn=978-3-319-76885-4
942 _cEBOOK
999 _c1630623
_d1630623